000 00323nam a2200133Ia 4500
008 191201s2013 xx 000 0 und d
100 _aDEO,Narsingh
245 0 _aSystem Simulation with Digital Computer
250 _aRep
260 _aNew Delhi
_bPHI
_c2013
300 _a200
650 _aM.Tech(CSE)
942 _2ddc
_cBK
_01
999 _c5984
_d5984